Score 0/20 Timer 05:00
1 Play Today
% Correct
Wonder Woman
94.2%
Wheel of Fortune
92%
Who Wants to be a Millionaire
90.2%
Will & Grace
81.4%
Walker, Texas Ranger
79.2%
The West Wing
76.7%
The Wonder Years
74.3%
Whose Line is it Anyway?
73.4%
Wipeout
66.8%
Who's the Boss?
63.2%
% Correct
The Weakest Link
62.1%
Welcome Back, Kotter
55.9%
Win Ben Stein's Money
54.1%
Weeds
54%
The Waltons
53.1%
The Wild Thornberrys
47.9%
WKRP in Cincinnati
47.4%
What's Happening!!
35.1%
What Not to Wear
32.1%
What I Like About You
18%
Remove Ads.
Support Sporcle.
Get the best of Sporcle when you Go Orange. This ad-free experience offers more features, more stats, and more fun while also helping to support Sporcle. Thank you for becoming a member.

You're not logged in!

Compare scores with friends on all Sporcle quizzes.
OR
Log In

Show Comments

Extras

Top Quizzes Today


Score Distribution

Your Account Isn't Verified!

In order to create a playlist on Sporcle, you need to verify the email address you used during registration. Go to your Sporcle Settings to finish the process.

Report this User

Report this user for behavior that violates our Community Guidelines.

Details: